|
|
|
|
| LEADER |
00919nam a2200229 a 4500 |
| 008 |
920918s1992 ii b 001 0 eng |
| 999 |
|
|
|c 334234
|d 334234
|
| 020 |
|
|
|a
|
| 082 |
|
|
|a 954
|
| 100 |
1 |
|
|a Sen, Asoka Kumar.
|
| 245 |
1 |
4 |
|a Popular uprising and the intelligentsia :
|b Bengal between 1855-1873 /
|c Asoka Kumar Sen.
|
| 260 |
|
|
|a Calcutta :
|b Firma KLM,
|c 1992.
|
| 300 |
|
|
|a 115 p. ;
|c 22 cm.
|
| 500 |
|
|
|a Includes index.
|
| 504 |
|
|
|a Includes bibliographical references (p. [103]-109).
|
| 650 |
|
0 |
|a Peasant uprisings
|z India
|z Bengal.
|
| 942 |
|
|
|c BK
|
| 651 |
|
0 |
|a Bengal (India)
|x Politics and government.
|
| 651 |
|
0 |
|a Bengal (India)
|x Intellectual life
|y 19th century.
|
| 906 |
|
|
|a 7
|b cbc
|c orignew
|d 3
|e ncip
|f 19
|g y-gencatlg
|
| 955 |
|
|
|a cj04, 10-01-92, wd00; yk08 01-21-93
|
| 952 |
|
|
|0 0
|1 0
|2 ddc
|4 0
|6 954_000000000000000_SEN_P
|7 0
|9 382164
|a HIS
|b HIS
|c ST1
|d 2019-04-17
|i 21949
|l 0
|o 954 SEN/P
|p HIS21949
|r 2019-04-17
|w 2019-04-17
|y BK
|